| 000 | 00000nam##2200000za#4500 |
| 001 | 9.528341 |
| 003 | CaOODSP |
| 005 | 20220328113236 |
| 007 | ta |
| 008 | 150406|1996||||xxc||||| f|0| 0 fre|d |
| 020 | |a0-662-62758-X |
| 040 | |aCaOODSP|bfre |
| 041 | |aeng |
| 041 | |afre |
| 043 | |an-cn--- |
| 086 | 1 |aC21-24/14-1996 |
| 110 | 1 |aCanada. |bIndustrie Canada. |
| 245 | 10|aPerformance de l'emploi dans l'économie du savoir / |cPublié conjointement par Surendra Gera et Philippe Massé et Développement des ressources humaines Canada. |
| 260 | |aOttawa - Ontario : |bIndustrie Canada |cDecember 1996. |
| 300 | |aTexte français, iii, 122p. : |bgraphiques, tableaux ; |c28 cm. |
| 490 | 1 |aDocuments de travail|vN° 14 |
| 500 | |a«Dans cette étude, nous examinons le rapport entre le changement structurel et la performance de l'emploi dans les industries canadiennes entre 1971 et 1991 en utilisant le modèle d'entrées-sorties de Statistique Canada.»--Résumé. N.B.: Le numéro de catalogue (C21-23/15-1996) imprimé dans cette publication est incorrect. |
| 504 | |aBibliographie. |
| 520 | 3 |aDans cette étude, nous examinons le rapport entre le changement structurel et la performance de l'emploi dans les industries canadiennes entre 1971 et 1991 en utilisant le modèle d'entrées-sorties de Statistique Canada.--Résumé |
| 546 | |aBilingue |
| 563 | |aCouverture souple |
| 590 | |a97-15|b1997-04-11 |
| 691 | 07|aEmploi|2gcpds |
| 691 | 07|aTechnologie de l'information|2gcpds |
| 720 | 1 |aGera, Surendra |
| 720 | 1 |aMassé, Philippe |
| 776 | 0#|tEmployment performance in the knowledge-based economy / |w(CaOODSP)9.570573 |
| 776 | 0#|tPerformance de l'emploi dans l'économie du savoir / |w(CaOODSP)9.601222 |
| 791 | |tEmployment performance in the knowledge-based economy / |eeng|w(CaOODSP)9.528340 |
| 830 | #0|aDocuments de travail ;|vN° 14|w(CaOODSP)9.509053 |
| 986 | |aW-97-9E/F |